| 000 | 00393nam a22001217a 4500 | ||
|---|---|---|---|
| 999 |
_c519533 _d519533 |
||
| 082 | _aTNC F5x54 Ad11 | ||
| 100 |
_aAldanov, Boris _930647 |
||
| 245 |
_aThe human predicament _bthe secular ideologies ( Volume-1) _cby Boris Aledanov |
||
| 260 |
_aNew Delhi _bAshish Publication house |
||
| 300 | _a618p | ||
| 650 |
_aIndia - Politics and government _930648 |
||
| 650 |
_aWorld politics _930649 |
||